| 000 | 00512nam a22001817a 4500 | ||
|---|---|---|---|
| 005 | 20251108170930.0 | ||
| 008 | 250721s1981 xx 000 0 ara d | ||
| 082 | 1 | 4 | _aط/551.42/آرم |
| 100 | 1 | _aآرمسترونغ، باتريك | |
| 245 | 1 | 0 | _aالجزر / |
| 264 | 1 |
_aبيروت : _bمكتبة لبنان، _c1981. |
|
| 300 | _a51ص. | ||
| 650 | 1 | 7 | _aالجزر |
| 653 | _aناشئون صغار (10-14) سنة | ||
| 700 | 1 |
_aالخطيب، أحمد _eترجمة |
|
| 942 |
_2ddc _cBK |
||
| 999 |
_c52423 _d52423 |
||